000 00563nam a2200157 a 4500
001 000033220
005 20200930070115.0
008 110823s1947 mx 000 0 spa d
040 _aDO-SdBNP
_bspa
_cBNPHU
082 _axxx
_bC719v
100 1 _aColón, Hernando
_958852
245 1 0 _aVida del almirante don Cristóbal Colón /
_cHernando Colón ; edición, prólogo y notas de Ramón Iglesia.
260 _aMexico :
_aBuenos Aires, Argentina :
_bFondo de Cultura Económica,
_c1947.
300 _a343 p. ;
_c22 cm.
700 1 _aIglesia, Ramón,
_epról.,
_eed.
_958853
999 _c32711
_d32711